ՀՀ Գիտությունների ազգային ակադեմիայի հիմնարար գիտական գրադարան  =   Fundamental Scientific Library of NAS RA

Հանգրվաններ : (Record no. 129576)

MARC details
000 -LEADER
fixed length control field 00844nam a2200217 a 4500
001 - CONTROL NUMBER
control field 000341398
003 - CONTROL NUMBER IDENTIFIER
control field AM-YeHGA
005 - DATE AND TIME OF LATEST TRANSACTION
control field 20250618072129.0
008 - FIXED-LENGTH DATA ELEMENTS--GENERAL INFORMATION
fixed length control field 040608s2003 ai ac|||r|||||||||1|arm|d
020 ## - INTERNATIONAL STANDARD BOOK NUMBER
International Standard Book Number 9993064777
040 ## - CATALOGING SOURCE
Original cataloging agency AM-YeHGA
041 0# - LANGUAGE CODE
Language code of text/sound track or separate title arm
090 ## - LOCALLY ASSIGNED LC-TYPE CALL NUMBER (OCLC); LOCAL CALL NUMBER (RLIN)
-- 130940
100 1# - MAIN ENTRY--PERSONAL NAME
Personal name Ավագյան, Արևշատ Խոսրովի,
Dates associated with a name 1940-
9 (RLIN) 970
245 10 - TITLE STATEMENT
Title Հանգրվաններ :
Remainder of title [Բանաստեղծությունների ընտրանի] /
Statement of responsibility, etc. Ա. Ավագյան ; Խմբ. և կազմ.՝ Վ. Ալեքսանյան.
260 ## - PUBLICATION, DISTRIBUTION, ETC.
Place of publication, distribution, etc. Երևան :
Name of publisher, distributor, etc. Նոր-Դար,
Date of publication, distribution, etc. 2003.
300 ## - PHYSICAL DESCRIPTION
Extent 459 էջ :
Other physical details 1 թ. դիմանկ., նկ. ;
Dimensions 20 սմ.
650 14 - SUBJECT ADDED ENTRY--TOPICAL TERM
Topical term or geographic name entry element Հայ գրականություն
General subdivision Պոեզիա
700 1# - ADDED ENTRY--PERSONAL NAME
Personal name Ալեքսանյան, Վառլեն Գուրգենի,
Dates associated with a name 1942-2015
Relator term խմբ.
Relationship edt
Relator term կազմ.
Relationship com
9 (RLIN) 80
942 ## - ADDED ENTRY ELEMENTS (KOHA)
Source of classification or shelving scheme Universal Decimal Classification
Koha item type Գրքեր / Books
Holdings
Withdrawn status Lost status Damaged status Not for loan Collection Home library Current library Date acquired Total checkouts Full call number Barcode Date last seen Cost, replacement price Price effective from Koha item type Public note
        General Fundamental Scientific Library Fundamental Scientific Library 22/12/2016   AII/92444 220092444 22/12/2016 2000.00 22/12/2016 Գրքեր / Books 30 Days Loan


ՀՀ ԳԱԱ հիմնարար գիտական գրադարան
ՀՀ,Երևան 0019
Մարշալ Բաղրամյան 24/6
հեռախոս:(374-10) 52-47-50
Հետադարձ կապ

All site content, except where otherwise noted, is licensed under a
Creative Commons License